| 000 | 00877cam a22002411 4500 | ||
|---|---|---|---|
| 001 | gs 56000261 | ||
| 003 | DLC | ||
| 005 | 20260227111404.0 | ||
| 008 | 720309s1955 xx 000 0 eng | ||
| 010 | _ags 56000261 | ||
| 035 | _a(OCoLC)259910 | ||
| 040 |
_aDLC _cOAkU _dDLC |
||
| 042 | _apremarc | ||
| 050 | 0 | 0 |
_aQE185 _b.A43 no. 32 |
| 100 | 1 |
_aBoyle, R. W. _q(Robert William), _d1920- |
|
| 245 | 1 | 0 |
_aGeochemical investigation of the heavy metal content of stream and spring waters in the Keno Hill-Galena Hill area, Yukon Territory, _cby Robert W. Boyle, Charles T. Illsley, and Robert N. Green. |
| 260 |
_aOttawa, _bE. Cloutier, Queen's printer, _c1955. |
||
| 300 |
_a34 p. _bmaps (2 fold. col. in pocket) tables. |
||
| 410 | 2 | 0 |
_aGeological Survey of Canada. _tBulletin _v32 |
| 504 | _a"References": p. 34. | ||
| 650 | 0 |
_aGeology _zYukon. |
|
| 650 | 0 |
_aWater _xAnalysis. |
|
| 999 |
_c29085 _d29085 |
||